=LDR 00000nam 2200000 4500 =001 INLIS000000000020647 =005 20130612115604 =008 ***********************************Ind** =035 ##$$0010-061300000020647 =041 ##$$a Ind =082 ##$$a 322.42 =090 ##$$a 322.42, Fic k =100 ##$$a Fic, Victor M =245 ##$$a Kudeta 1 oktober 1965, sebuah studi tentang konspirasi, Victor M. Fic, penerjemah, Rahman Zainuddin =260 ##$$a 2005 $b Jakarta =300 ##$$a xlviii, 447 hlm, 25 cm =650 ##$$a Kudeta-Revolusi =700 ##$$a Zainuddin, Rahman =850 ##$$a NBPNMAT